[Event "Guildford Spring op"]
[Site "Guildford"]
[Date "2024.04.13"]
[Round "2"]
[White "Kueh, Audrey"]
[Black "Povah, Nigel Edward"]
[Result "1/2-1/2"]
[WhiteElo "2059"]
[BlackElo "2163"]
[PlyCount "43"]
[EventDate "2024.04.12"]
[EventType "swiss"]
[EventRounds "5"]
[EventCountry "ENG"]
[SourceTitle "CB18_2024"]
[SourceDate "2024.05.01"]
[SourceVersion "1"]
[SourceVersionDate "2024.05.01"]
[SourceQuality "2"]

1. e4 c6 2. d4 d5 3. Nd2 dxe4 4. Nxe4 Nf6 5. Nxf6+ exf6 6. c3 Bd6 7. Bd3 0-0 8. Qc2 Re8+ 9. Ne2 h5 10. 0-0 h4 11. h3 Nd7 12. Be3 Nf8 13. c4 Be6 14. Rfe1 Rc8 15. Qd2 Ng6 16. Rad1 Bc7 17. Bxg6 fxg6 18. d5 cxd5 19. cxd5 Bd7 20. Bxa7 Bb5 21. d6 Qxd6 22. Qxd6 1/2-1/2

[Event "Reykjavik op"]
[Site "Reykjavik"]
[Date "2024.03.20"]
[Round "8"]
[White "Povah, Nigel Edward"]
[Black "Bjarnason, Kristinn"]
[Result "1-0"]
[WhiteElo "2202"]
[BlackElo "1934"]
[PlyCount "127"]
[EventDate "2024.03.15"]
[EventType "swiss"]
[EventRounds "9"]
[EventCountry "ISL"]
[SourceTitle "CB13_2024"]
[SourceDate "2024.03.27"]
[SourceVersion "1"]
[SourceVersionDate "2024.03.27"]
[SourceQuality "1"]

1. d4 Nf6 2. Bg5 d5 3. Bxf6 exf6 4. e3 Be6 5. Bd3 g6 6. Nd2 c5 7. dxc5 Qa5 8. Ne2 Nc6 9. c3 Qxc5 10. Nf4 Bh6 11. g3 0-0 12. h4 Rfe8 13. Nb3 Qd6 14. Kf1 Rad8 15. h5 g5 16. Ng2 Ne5 17. Be2 Nc6 18. Nd4 a6 19. Ne1 Nxd4 20. Qxd4 Qe5 21. Nf3 Qxd4 22. Nxd4 f5 23. f4 Bc8 24. Kf2 Kg7 25. Rad1 Kf6 26. Bf3 Be6 27. Rd2 Re7 28. Nb3 b6 29. Rhd1 Red7 30. a3 Bf8 31. Nd4 Rc7 32. Nc2 Rcd7 33. Be2 b5 34. Nd4 Rd6 35. Nf3 g4 36. Ne5 Be7 37. Bf1 Bf8 38. Bg2 Be7 39. Rd4 Kg7 40. R4d2 Kf6 41. Nd3 Rc6 42. Nc1 Rcd6 43. Nb3 R6d7 44. Na5 Bf8 45. Nc6 Re8 46. Bxd5 Rd6 47. Bxe6 Rdxe6 48. Ne5 Kg7 49. Rd7 Kg8 50. Rxf7 Rxe5 51. Rxf8+ Kxf8 52. fxe5 Rxe5 53. Rd6 a5 54. Rb6 Rd5 55. Ke2 a4 56. h6 Kf7 57. Rc6 f4 58. gxf4 Rh5 59. Kf2 Rh2+ 60. Kg3 Rxb2 61. Kxg4 Rb3 62. Kf5 Rxa3 63. Rc7+ Kf8 64. Ke6 1-0

[Event "Wch Seniors 65 31st"]
[Site "Terassini"]
[Date "2023.10.26"]
[Round "2"]
[White "Malmdin, Nils Ake"]
[Black "Povah, Nigel Edward"]
[Result "1/2-1/2"]
[WhiteElo "2072"]
[BlackElo "2235"]
[PlyCount "52"]
[EventDate "2023.10.25"]
[EventType "swiss"]
[EventRounds "11"]
[EventCountry "ITA"]
[SourceTitle "Mega2024 Update 01"]
[Source "Chessbase"]
[SourceDate "2023.11.12"]
[SourceVersion "1"]
[SourceVersionDate "2023.11.12"]
[SourceQuality "1"]

1. e4 c5 2. Nf3 Nc6 3. Nc3 e6 4. d4 cxd4 5. Nxd4 Qc7 6. Be3 a6 7. Bd3 b5 8. Nxc6 Qxc6 9. 0-0 Nf6 10. Kh1 Bb7 11. f3 Bd6 12. a4 b4 13. Ne2 Qc7 14. Bg1 0-0 15. c3 Qa5 16. Bc2 Be7 17. Qd3 e5 18. Be3 d5 19. exd5 Bxd5 20. Ng3 g6 21. cxb4 Qxb4 22. Bd2 Qb7 23. Bc3 Rac8 24. Qe3 Nd7 25. Be4 Bxe4 26. Nxe4 f5 1/2-1/2

[Event "EU-chT Seniors 65"]
[Site "Dresden"]
[Date "2022.10.28"]
[Round "2.3"]
[White "Povah, Nigel Edward"]
[Black "Berisha, Enver"]
[Result "1-0"]
[WhiteElo "2205"]
[BlackElo "2123"]
[PlyCount "75"]
[EventDate "2022.10.27"]
[EventType "team-swiss"]
[EventRounds "9"]
[EventCountry "GER"]
[SourceTitle "EXT 2024"]
[Source "ChessBase"]
[SourceDate "2023.10.10"]
[SourceVersion "1"]
[SourceVersionDate "2023.10.10"]
[SourceQuality "1"]
[WhiteTeam "England 65"]
[BlackTeam "Kosovo 65"]
[WhiteTeamCountry "ENG"]
[BlackTeamCountry "KOS"]

1. d4 Nf6 2. Bg5 e6 3. e4 Be7 4. e5 Nd5 5. Bd2 d6 6. c4 Nb6 7. Qg4 g6 8. Nc3 Nc6 9. Nf3 f5 10. Qf4 g5 11. Nxg5 Bxg5 12. Qxg5 Qxg5 13. Bxg5 Nxd4 14. 0-0-0 dxe5 15. Bf6 0-0 16. Bxe5 Nc6 17. Bxc7 Rf7 18. Bxb6 axb6 19. f4 Bd7 20. b3 Nb4 21. Kb2 Re7 22. a3 Nc6 23. Be2 Rg7 24. g3 Rc8 25. Na4 Be8 26. Nxb6 Rcc7 27. Rhe1 Rge7 28. Bf3 Kg7 29. Rd6 Bf7 30. b4 Re8 31. c5 h5 32. Kc3 Na7 33. a4 Rh8 34. Rd7 Rxd7 35. Nxd7 Nc6 36. b5 Nd8 37. Ne5 Be8 38. Rd1 1-0

[Event "Gibraltar Masters 18th"]
[Site "Caleta"]
[Date "2020.01.28"]
[Round "8"]
[White "De Abreu, Roberto N"]
[Black "Povah, Nigel Edward"]
[Result "0-1"]
[WhiteElo "2154"]
[BlackElo "2284"]
[PlyCount "74"]
[EventDate "2020.01.21"]
[EventType "swiss"]
[EventRounds "10"]
[EventCountry "GGB"]
[SourceTitle "CBM 194 Extra"]
[Source "ChessBase"]
[SourceDate "2020.03.31"]
[SourceVersion "1"]
[SourceVersionDate "2020.03.31"]
[SourceQuality "1"]

1. d4 Nf6 2. c4 e6 3. g3 c5 4. d5 exd5 5. cxd5 d6 6. Nc3 g6 7. Nf3 Bg7 8. Bg2 0-0 9. 0-0 Re8 10. Re1 Na6 11. Nd2 Rb8 12. a4 Nb4 13. Nc4 a6 14. a5 Ng4 15. Ne4 Bd4 16. Rf1 Bf5 17. Nexd6 Bc2 18. Qd2 Re7 19. h3 Ne5 20. Nxe5 Bxe5 21. Nc4 Bd4 22. Ra3 Qd7 23. Qh6 Rxe2 24. Bf4 Rd8 25. d6 Qe6 26. Ne3 Bd3 27. Rxd3 Nxd3 28. Bd5 Qd7 29. Bg5 Qxd6 30. Bc4 Rxf2 31. Bxf7+ Kh8 32. Qh4 Rxf1+ 33. Kxf1 Rf8 34. Qe4 Rxf7+ 35. Ke2 Ne5 36. Nd5 Kg7 37. Qh4 Qxd5 0-1

[Event "Gibraltar Masters 18th"]
[Site "Caleta"]
[Date "2020.01.24"]
[Round "4"]
[White "Semprun Martinez, Fernando M"]
[Black "Povah, Nigel Edward"]
[Result "1/2-1/2"]
[WhiteElo "2099"]
[BlackElo "2284"]
[PlyCount "80"]
[EventDate "2020.01.21"]
[EventType "swiss"]
[EventRounds "10"]
[EventCountry "GGB"]
[SourceTitle "CBM 194 Extra"]
[Source "ChessBase"]
[SourceDate "2020.03.31"]
[SourceVersion "1"]
[SourceVersionDate "2020.03.31"]
[SourceQuality "1"]

1. Nf3 d5 2. d4 Nf6 3. c4 e6 4. g3 dxc4 5. Bg2 c6 6. Ne5 Bb4+ 7. Bd2 Be7 8. e3 b5 9. Nxc6 Nxc6 10. Bxc6+ Bd7 11. Bxa8 Qxa8 12. f3 e5 13. dxe5 Ng4 14. 0-0 Nxe5 15. Bc3 f6 16. Nd2 Bh3 17. a4 Bxf1 18. Qxf1 Bc5 19. Qe2 Qd5 20. axb5 0-0 21. Kg2 Rd8 22. e4 Qd7 23. Nxc4 Qxb5 24. Bxe5 fxe5 25. Rc1 Bd4 26. Rc2 Rb8 27. f4 exf4 28. gxf4 Rf8 29. f5 Qa6 30. Rd2 Rd8 31. e5 Qc6+ 32. Kg3 Qh6 33. Nd6 Qg5+ 34. Kh3 Rxd6 35. exd6 Qxf5+ 36. Qg4 Qf1+ 37. Rg2 Qd3+ 38. Rg3 Qf1+ 39. Rg2 Qd3+ 40. Rg3 Qf1+ 1/2-1/2

[Event "BCF-chTb 1920 (4NCL)"]
[Site "Daventry"]
[Date "2020.01.12"]
[Round "4.76"]
[White "Povah, Nigel Edward"]
[Black "Weaving, Richard"]
[Result "1/2-1/2"]
[WhiteElo "2284"]
[BlackElo "2335"]
[PlyCount "91"]
[EventDate "2019.11.09"]
[EventType "team-tourn"]
[EventRounds "11"]
[EventCountry "ENG"]
[SourceTitle "CBM 194 Extra"]
[Source "ChessBase"]
[SourceDate "2020.03.31"]
[SourceVersion "1"]
[SourceVersionDate "2020.03.31"]
[SourceQuality "1"]
[WhiteTeam "Guildford II"]
[BlackTeam "Wood Green Monarchs"]
[WhiteTeamCountry "ENG"]
[BlackTeamCountry "ENG"]

1. d4 Nf6 2. Bg5 d5 3. Bxf6 gxf6 4. c4 c5 5. e3 cxd4 6. exd4 Nc6 7. Nc3 dxc4 8. d5 Ne5 9. Bxc4 Nxc4 10. Qa4+ Bd7 11. Qxc4 Qb6 12. Nge2 Rg8 13. 0-0 Rg4 14. Qd3 f5 15. a3 h5 16. h3 Rg5 17. Rfe1 0-0-0 18. Qc4+ Qc7 19. Qh4 Rg6 20. Rac1 Kb8 21. Nb5 Qb6 22. Qf4+ Rd6 23. Nxd6 exd6 24. Qd4 Qxd4 25. Nxd4 Bg7 26. Red1 Re8 27. b3 Re4 28. Rc4 Bf6 29. a4 a6 30. g3 Re8 31. Nf3 Re2 32. Rd2 Re8 33. h4 Rg8 34. Rdc2 Bd8 35. Ng5 Rg7 36. Nh3 Bb6 37. Kg2 Bd8 38. Nf4 Rh7 39. Ne2 Rg7 40. Kf3 Rg8 41. Nf4 Rh8 42. Ng2 Re8 43. Ne3 Re5 44. Ng2 Rxd5 45. Nf4 Re5 46. Nxh5 1/2-1/2

[Event "Wch Seniors 65 29th"]
[Site "Bucharest"]
[Date "2019.11.18"]
[Round "6"]
[White "Povah, Nigel Edward"]
[Black "Fernandez Garcia, Jose Luis"]
[Result "0-1"]
[WhiteElo "2314"]
[BlackElo "2404"]
[PlyCount "60"]
[EventDate "2019.11.12"]
[EventType "swiss"]
[EventRounds "11"]
[EventCountry "ROU"]
[SourceTitle "CBM 193 Extra"]
[Source "ChessBase"]
[SourceDate "2020.01.31"]
[SourceVersion "1"]
[SourceVersionDate "2020.01.31"]
[SourceQuality "1"]

1. d4 d5 2. Bf4 c5 3. e3 Nc6 4. c3 Qb6 5. Qb3 c4 6. Qc2 e5 7. dxe5 Bf5 8. Qxf5 Qxb2 9. e6 fxe6 10. Qxe6+ Nge7 11. Nf3 Qxa1 12. Nfd2 Nd8 13. Qe5 Nf7 14. Qd4 Qb2 15. Bg3 Qb6 16. Qg4 h5 17. Qd4 h4 18. Bf4 Qxd4 19. exd4 g6 20. Be2 Bh6 21. Bxh6 Rxh6 22. Kd1 Rd8 23. Re1 Rd6 24. Bg4 Ra6 25. a3 Kf8 26. Kc2 g5 27. h3 Rhf6 28. Nf3 Ng6 29. Rf1 Nf4 30. Rg1 Nd3 0-1

[Event "Wch Seniors 65 29th"]
[Site "Bucharest"]
[Date "2019.11.16"]
[Round "5"]
[White "Kristiansen, Jens"]
[Black "Povah, Nigel Edward"]
[Result "1/2-1/2"]
[WhiteElo "2411"]
[BlackElo "2314"]
[PlyCount "126"]
[EventDate "2019.11.12"]
[EventType "swiss"]
[EventRounds "11"]
[EventCountry "ROU"]
[SourceTitle "CBM 193 Extra"]
[Source "ChessBase"]
[SourceDate "2020.01.31"]
[SourceVersion "1"]
[SourceVersionDate "2020.01.31"]
[SourceQuality "1"]

1. d4 Nf6 2. c4 e6 3. Nc3 c5 4. d5 exd5 5. cxd5 d6 6. e4 g6 7. f4 Bg7 8. Bb5+ Nfd7 9. a4 0-0 10. Nf3 Na6 11. 0-0 Nc7 12. Bd3 a6 13. Nd2 Rb8 14. Nc4 Nf6 15. Nb6 Nb5 16. Nxc8 Nxc3 17. bxc3 Qxc8 18. a5 c4 19. Bb1 Nd7 20. Qf3 b5 21. axb6 Rxb6 22. Bc2 Nc5 23. Ba3 Re8 24. e5 dxe5 25. Qf2 Rb5 26. fxe5 Rxe5 27. Qxf7+ Kh8 28. Rae1 Rb7 29. Qf3 Rbe7 30. Rxe5 Rxe5 31. d6 Nd7 32. Qh3 Rh5 33. Qe6 Re5 34. Qh3 Rh5 35. Qg4 Qc6 36. Rf7 Ne5 37. Qe6 Nxf7 38. Qxf7 Rd5 39. Qc7 Qe8 40. Qe7 Qc8 41. Qc7 Qe8 42. Qe7 Re5 43. Qxe8+ Rxe8 44. d7 Rd8 45. Ba4 Bf8 46. Bc1 Bc5+ 47. Kf1 Rf8+ 48. Ke2 Kg7 49. Bg5 Bb6 50. Be7 Rh8 51. Bc6 Kf7 52. Bh4 Ke6 53. Kf3 Kd6 54. Ba4 Kd5 55. Be7 Ke6 56. Bh4 h6 57. Ke4 Rf8 58. Bc6 Bc7 59. Bg3 Bxg3 60. hxg3 Kd6 61. Ba4 Kc7 62. g4 Rf2 63. g3 Rg2 1/2-1/2